Countries containing the letter W - Statistics

General Stats
  • This quiz has been taken 79 times
  • The average score is 9 of 12
Answer Stats
Hint Answer % Correct
europe switzerland
82%
oceania new zealand
81%
europe sweden
79%
africa rwanda
76%
africa zimbabwe
74%
africa botswana
73%
africa malawi
73%
africa eswatini
71%
europe norway
71%
asia kuwait
63%
oceania papua new guinea
60%
asia taiwan
53%
No matching quizzes found
Score Distribution
Percent of People with Each Score
Percentile by Number Answered
Your Score History
You have not taken this quiz